000 00616nam a2200217Ia 4500
003 OSt
005 20220926025241.0
006 a|||||r|||| 00| 0
007 ta
008 220923b |||||||| |||| 00| 0 eng d
037 _cGeneral Book
040 _aRTL
_cRTL
_beng
041 _2eng
_aeng
082 _aX:3m24xM18:g, L8
100 _aBERLIN Isaian
_9332098
245 0 _aKarl Mark
_b His life and environment.
260 _aOxford
_bOxford University Press
_c1978
300 _axii,228p.
_ccm.
942 _hX:3m24xM18:g, L8
_cGB
_2CC
999 _c646634
_d646634